| 000 -CABECERA |
| campo de control de longitud fija |
00744nam a2200229 u 4500 |
| 001 - NÚMERO DE CONTROL |
| campo de control |
000055073 |
| 005 - FECHA Y HORA DE LA ÚLTIMA TRANSACCIÓN |
| campo de control |
20200120222954.0 |
| 008 - DATOS DE LONGITUD FIJA--INFORMACIÓN GENERAL |
| campo de control de longitud fija |
130531s1979 mx gr 000 0 spa d |
| 020 ## - NÚMERO INTERNACIONAL ESTÁNDAR DEL LIBRO |
| Número Internacional Estándar del Libro |
968446102X |
| 041 0# - CÓDIGO DE LENGUA |
| Código de lengua del texto/banda sonora o título independiente |
*spa |
| Código de lengua original |
eng |
| 082 04 - NÚMERO DE LA CLASIFICACIÓN DECIMAL DEWEY |
| Número de clasificación |
658 |
| Número de documento/Ítem |
D78 |
| Número de edición |
21 |
| 100 1# - ENTRADA PRINCIPAL--NOMBRE DE PERSONA |
| Nombre de persona |
Drucker, Peter Ferdinand |
| Fechas asociadas al nombre |
1909- |
| 245 13 - MENCIÓN DE TÍTULO |
| Título |
La gerencia de empresas / |
| Mención de responsabilidad, etc. |
Peter Ferdinand Drucker ; traducción de Luis Prats. |
| 250 ## - MENCIÓN DE EDICIÓN |
| Mención de edición |
1a. ed. |
| 260 ## - PUBLICACIÓN, DISTRIBUCIÓN, ETC. |
| Lugar de publicación, distribución, etc. |
México : |
| Nombre del editor, distribuidor, etc. |
Editorial Hermes |
| -- |
Editorial Sudamericana, |
| Fecha de publicación, distribución, etc. |
1979. |
| 300 ## - DESCRIPCIÓN FÍSICA |
| Extensión |
506 p. |
| 500 ## - NOTA GENERAL |
| Nota general |
Título original : The practice of management. |
| 650 17 - PUNTO DE ACCESO ADICIONAL DE MATERIA--TÉRMINO DE MATERIA |
| Término de materia o nombre geográfico como elemento de entrada |
Administración de empresas |
| Fuente del encabezamiento o término |
LEMB. |
| 650 27 - PUNTO DE ACCESO ADICIONAL DE MATERIA--TÉRMINO DE MATERIA |
| Término de materia o nombre geográfico como elemento de entrada |
Ejecutivos |
| Fuente del encabezamiento o término |
LEMB. |
| 650 27 - PUNTO DE ACCESO ADICIONAL DE MATERIA--TÉRMINO DE MATERIA |
| Término de materia o nombre geográfico como elemento de entrada |
Administración industrial |
| Fuente del encabezamiento o término |
LEMB. |
| 700 1# - PUNTO DE ACCESO ADICIONAL--NOMBRE DE PERSONA |
| Nombre de persona |
Prats, Luis |
| Término indicativo de función/relación |
traductor. |